[Event "Znojmo op"]
[Site "Znojmo"]
[Date "2006.05.17"]
[Round "4.15"]
[White "Kosov, Igor"]
[Black "Snajdr, Tomas"]
[Result "1/2-1/2"]
[WhiteElo "1684"]
[BlackElo "2019"]
[PlyCount "49"]
[EventDate "2006.05.14"]
[EventType "swiss"]
[EventRounds "9"]
[EventCountry "CZE"]
[SourceTitle "CBM 112 Extra"]
[Source "ChessBase"]
[SourceDate "2006.07.14"]
[SourceVersion "1"]
[SourceVersionDate "2006.07.14"]
[SourceQuality "1"]

1. d4 d5 2. c4 e6 3. Nf3 Nf6 4. Bg5 Be7 5. Nc3 0-0 6. e3 c6 7. Rc1 Nbd7 8. c5 h6 9. Bh4 b5 10. b4 a6 11. Bd3 Qe8 12. 0-0 Nh5 13. Bxe7 Qxe7 14. Ne2 e5 15. dxe5 Nxe5 16. Nxe5 Qxe5 17. Nd4 Bd7 18. Re1 Nf6 19. Rc2 Ng4 20. Nf3 Qf6 21. Nd4 Rad8 22. Rce2 Ne5 23. h3 g6 24. Bb1 Kg7 25. Qc2 1/2-1/2